Quick Pick: E! Shows Quiz Stats

 Plays Quiz not verified by Sporcle

Challenge
Share
Tweet
Embed
Score 0/14 Timer 01:30
0 Plays Today
% Correct
Kardashians
95.1%
Girls
93.2%
Hollywood
89.4%
Khloé
88.7%
Chelsea
88.3%
Police
86.8%
Divas
86.4%
% Correct
Rich
83.8%
Coco
83.4%
Clippers
81.1%
Cait
78.5%
Soup
63.8%
Wild
63.4%
90210
61.9%

You're not logged in!

Compare scores with friends on all Sporcle quizzes.
Join for Free
OR
Log In

You Might Also Like...

Show Comments

Extras

Top Quizzes Today


Score Distribution

Your Account Isn't Verified!

In order to create a playlist on Sporcle, you need to verify the email address you used during registration. Go to your Sporcle Settings to finish the process.

Report this User

Report this user for behavior that violates our Community Guidelines.

Details: